[Event "Oberliga Wuerttemberg 1920"]
[Site "Wuerttemberg"]
[Date "2019.09.15"]
[Round "1.8"]
[White "Doll, Michael"]
[Black "Hosticka, Frantisek"]
[Result "1/2-1/2"]
[WhiteElo "2001"]
[BlackElo "2067"]
[PlyCount "23"]
[EventDate "2019.09.15"]
[EventType "team-tourn"]
[EventRounds "9"]
[EventCountry "GER"]
[SourceTitle "EXT 2021"]
[Source "ChessBase"]
[SourceDate "2020.10.23"]
[SourceVersion "1"]
[SourceVersionDate "2020.10.23"]
[SourceQuality "1"]
[WhiteTeam "Nuertingen"]
[BlackTeam "Weiler im Allgaeu"]
[WhiteTeamCountry "GER"]
[BlackTeamCountry "GER"]

1. d4 Nf6 2. Nf3 e6 3. e3 c5 4. Bd3 Nc6 5. 0-0 Be7 6. c4 d5 7. Nc3 dxc4 8. Bxc4 0-0 9. dxc5 Bxc5 10. a3 a6 11. b4 Be7 12. Bb2 1/2-1/2

[Event "Stuttgart-chA op"]
[Site "Ditzingen"]
[Date "2015.05.15"]
[Round "4"]
[White "Schuster, Gerhard"]
[Black "Doll, Michael"]
[Result "1/2-1/2"]
[WhiteElo "1997"]
[BlackElo "2182"]
[PlyCount "83"]
[EventDate "2015.05.14"]
[EventType "swiss"]
[EventRounds "7"]
[EventCountry "GER"]
[SourceTitle "EXT 2018"]
[Source "ChessBase"]
[SourceDate "2017.10.13"]
[SourceVersion "1"]
[SourceVersionDate "2017.10.13"]
[SourceQuality "1"]

1. e4 e6 2. d4 d5 3. Nc3 Bb4 4. e5 c5 5. a3 Bxc3+ 6. bxc3 Qc7 7. Nf3 b6 8. Bb5+ Bd7 9. Bd3 Ba4 10. 0-0 c4 11. Be2 Ne7 12. Ng5 h6 13. Nh3 Nbc6 14. f4 0-0-0 15. Be3 Rdg8 16. Bg4 Nd8 17. Bf2 Bd7 18. Bh4 Ndc6 19. Qe2 Kb7 20. Nf2 Nf5 21. Bxf5 exf5 22. Nd1 Be6 23. Ne3 g5 24. Bg3 Ne7 25. a4 Qd7 26. a5 Ng6 27. Qf2 g4 28. Bh4 Nxh4 29. Qxh4 h5 30. g3 Qd8 31. Ng2 Qxh4 32. Nxh4 b5 33. Rfb1 Kc6 34. Kf2 Rb8 35. Rb4 Rb7 36. Rab1 Rhb8 37. Rh1 Rh8 38. Ng2 Rbb8 39. Rhb1 Rh6 40. Nh4 Bd7 41. Ke3 Kc7 42. Ra1 1/2-1/2

[Event "Stuttgart-chA int"]
[Site "Gerlingen"]
[Date "2007.05.19"]
[Round "6"]
[White "Probst, Alexander"]
[Black "Doll, Michael"]
[Result "1-0"]
[WhiteElo "2109"]
[BlackElo "2183"]
[PlyCount "140"]
[EventDate "2007.05.17"]
[EventType "swiss"]
[EventRounds "7"]
[EventCountry "GER"]
[SourceTitle "EXT 2018"]
[Source "ChessBase"]
[SourceDate "2017.10.13"]
[SourceVersion "1"]
[SourceVersionDate "2017.10.13"]
[SourceQuality "1"]

1. e4 e6 2. d4 d5 3. Nd2 Be7 4. Ngf3 Nf6 5. Bd3 c5 6. exd5 exd5 7. dxc5 Bxc5 8. Nb3 Be7 9. 0-0 0-0 10. h3 Nc6 11. c3 Re8 12. Bf4 Qb6 13. Re1 Bd7 14. Be3 Qc7 15. Nbd4 Rad8 16. Qc2 h6 17. Nf5 Bxf5 18. Bxf5 Bd6 19. Bd4 Nxd4 20. Nxd4 a6 21. Bd3 g6 22. Bxg6 fxg6 23. Qxg6+ Qg7 24. Qxg7+ Kxg7 25. Rxe8 Rxe8 26. Nf5+ Kg6 27. Nxd6 Re7 28. c4 b6 29. cxd5 b5 30. Rc1 Nxd5 31. Kf1 Re6 32. Nb7 Rf6 33. Nc5 Ne3+ 34. Kg1 Nf5 35. Ne4 Re6 36. f3 Ne3 37. Kf2 Nc4 38. Rc2 Kg7 39. b3 Ne5 40. Ke3 Nc6 41. Rd2 Ne7 42. g4 Nc6 43. f4 b4 44. Rd7+ Kg8 45. h4 Ne7 46. Rd6 Rxd6 47. Nxd6 Nd5+ 48. Ke4 Nc3+ 49. Kf5 Nxa2 50. Nc4 Kg7 51. h5 Nc1 52. Na5 Nd3 53. Nc6 Nc5 54. Na5 Nd7 55. g5 Nc5 56. Ke5 Nd3+ 57. Ke4 Nc5+ 58. Kf5 Nd7 59. gxh6+ Kxh6 60. Ke6 Nc5+ 61. Ke7 Kxh5 62. f5 Nd3 63. f6 Nf4 64. f7 Kg5 65. Nc6 Ng6+ 66. Ke8 Kf6 67. Nxb4 Ke6 68. Nxa6 Kd6 69. Nb4 Ke6 70. Nd3 Kf5 1-0

[Event "Stuttgart-chA int"]
[Site "Ditzingen"]
[Date "2006.05.27"]
[Round "5"]
[White "Doll, Michael"]
[Black "Kabisch, Thilo"]
[Result "0-1"]
[WhiteElo "2170"]
[BlackElo "2302"]
[PlyCount "120"]
[EventDate "2006.05.25"]
[EventType "swiss"]
[EventRounds "7"]
[EventCountry "GER"]
[SourceTitle "EXT 2018"]
[Source "ChessBase"]
[SourceDate "2017.10.13"]
[SourceVersion "1"]
[SourceVersionDate "2017.10.13"]
[SourceQuality "1"]

1. d4 Nf6 2. Bg5 d6 3. Bxf6 exf6 4. c4 f5 5. Nc3 g6 6. e3 Bg7 7. Nge2 0-0 8. g3 a5 9. Bg2 Nd7 10. 0-0 Re8 11. a3 h5 12. Qd3 h4 13. b4 hxg3 14. hxg3 Nf6 15. b5 Rb8 16. Rad1 Ng4 17. Nf4 Qg5 18. Ncd5 c6 19. Nh3 Qh6 20. Nc3 Bd7 21. Rfe1 Re7 22. Rd2 Rbe8 23. Rde2 Re4 24. f4 R4e7 25. a4 Qh8 26. Nd1 Nf6 27. Ng5 Ng4 28. Nf3 Bf6 29. Nf2 Qh5 30. Nxg4 fxg4 31. Nd2 d5 32. cxd5 cxd5 33. Kf2 Bf5 34. Qb3 Be4 35. Nxe4 Rxe4 36. Qc2 R4e7 37. Qc5 Re4 38. Qc2 R4e7 39. Qc5 Re4 40. Qc2 R4e6 41. Qc5 b6 42. Qxd5 Qxd5 43. Bxd5 Rxe3 44. Rxe3 Bxd4 45. Bc4 Kg7 46. Bd3 f5 47. Bc2 Kf6 48. Bd3 g5 49. Bc2 Rc8 50. Bd1 Rc3 51. R1e2 Ra3 52. Re1 gxf4 53. gxf4 g3+ 54. Kf3 Bxe3 55. Rxe3 g2 56. Rxa3 g1Q 57. Rd3 Qh1+ 58. Kf2 Qh2+ 59. Ke3 Qg1+ 60. Ke2 Qg2+ 0-1

[Event "Stuttgart-chA int"]
[Site "Ditzingen"]
[Date "2005.05.08"]
[Round "7"]
[White "Doll, Michael"]
[Black "Haeussler, Frank"]
[Result "1-0"]
[WhiteElo "2156"]
[BlackElo "2073"]
[PlyCount "103"]
[EventDate "2005.05.05"]
[EventType "swiss"]
[EventRounds "7"]
[EventCountry "GER"]
[SourceTitle "EXT 2018"]
[Source "ChessBase"]
[SourceDate "2017.10.13"]
[SourceVersion "1"]
[SourceVersionDate "2017.10.13"]
[SourceQuality "1"]

1. d4 Nf6 2. Bg5 Ne4 3. Bf4 d5 4. e3 e6 5. Nd2 Nxd2 6. Qxd2 c5 7. Nf3 Qb6 8. c3 Bd7 9. a4 a5 10. Ne5 Bc6 11. Nxc6 bxc6 12. Bd3 Nd7 13. 0-0 Be7 14. Rfb1 0-0 15. Qc2 g6 16. Be2 Rfc8 17. Qd2 Ra7 18. dxc5 Nxc5 19. Qd4 Nd7 20. Qxb6 Nxb6 21. b4 Bf6 22. bxa5 Nc4 23. Bxc4 dxc4 24. Ra3 Rxa5 25. Bd6 Rca8 26. e4 Be5 27. Bxe5 Rxe5 28. f3 f5 29. exf5 gxf5 30. Kf2 Kf7 31. Rb7+ Kg6 32. Rb4 Rc5 33. Rb2 Kf6 34. f4 e5 35. fxe5+ Rxe5 36. Rb6 Rc5 37. a5 Rd8 38. Ra2 Ke5 39. a6 Rb5 40. Rxc6 Kd5 41. Rf6 Ke4 42. a7 Ra8 43. Rd6 Ke5 44. Rd4 Rb7 45. Ra5+ Ke6 46. Rxc4 Rbxa7 47. Rc6+ Kd7 48. Rxa7+ Rxa7 49. Rf6 Ra2+ 50. Kg3 Rc2 51. Rxf5 Rxc3+ 52. Rf3 1-0

[Event "Stuttgart-chA int"]
[Site "Ditzingen"]
[Date "2005.05.06"]
[Round "4"]
[White "Doll, Michael"]
[Black "Dausch, Rene"]
[Result "0-1"]
[WhiteElo "2156"]
[BlackElo "2385"]
[PlyCount "76"]
[EventDate "2005.05.05"]
[EventType "swiss"]
[EventRounds "7"]
[EventCountry "GER"]
[SourceTitle "EXT 2018"]
[Source "ChessBase"]
[SourceDate "2017.10.13"]
[SourceVersion "1"]
[SourceVersionDate "2017.10.13"]
[SourceQuality "1"]

1. d4 d5 2. Nf3 Nc6 3. e3 Bg4 4. Nbd2 e5 5. dxe5 Nxe5 6. Be2 Bxf3 7. Nxf3 Bd6 8. Bd2 Nf6 9. Bc3 Nxf3+ 10. Bxf3 c6 11. Qd4 0-0 12. Bb4 Re8 13. Bxd6 Qxd6 14. 0-0 Ne4 15. g3 Qg6 16. Qd3 Re5 17. Rad1 Rae8 18. Bxe4 Rxe4 19. Qb3 b5 20. c3 h5 21. Rd4 h4 22. Qd1 R8e5 23. Rxe4 Rxe4 24. Qd3 Qe6 25. a3 a5 26. Qd1 Qf5 27. Qe2 Re6 28. g4 Qe4 29. Re1 Rf6 30. f4 h3 31. g5 Rf5 32. Qg4 Rxf4 33. Qxh3 Rg4+ 34. Kf2 Rxg5 35. Re2 Rf5+ 36. Ke1 Qb1+ 37. Kd2 Qxb2+ 38. Kd3 Qb1+ 0-1

[Event "Stuttgart-chA"]
[Site "Stuttgart"]
[Date "2003.??.??"]
[Round "?"]
[White "Braun, Peter"]
[Black "Doll, Michael"]
[Result "1/2-1/2"]
[WhiteElo "2245"]
[BlackElo "2150"]
[PlyCount "36"]
[EventDate "2003.??.??"]
[EventType "swiss"]
[EventRounds "9"]
[EventCountry "GER"]
[SourceTitle "EXT 2007"]
[Source "ChessBase"]
[SourceDate "2006.11.23"]
[SourceVersion "1"]
[SourceVersionDate "2006.11.23"]
[SourceQuality "1"]

1. Nf3 d5 2. d4 Nf6 3. c4 c6 4. Nc3 a6 5. c5 Nbd7 6. Bf4 Nh5 7. Bd2 Qc7 8. e3 g6 9. Be2 Nhf6 10. 0-0 Bg7 11. b4 0-0 12. Rc1 e5 13. dxe5 Nxe5 14. Nxe5 Qxe5 15. Na4 Ne4 16. Nb6 Nxd2 17. Qxd2 Rb8 18. Nxc8 Rbxc8 1/2-1/2

[Event "Stuttgart op 6th"]
[Site "Ditzingen"]
[Date "2001.05.25"]
[Round "4"]
[White "Doll, Michael"]
[Black "Schlosser, Philipp"]
[Result "0-1"]
[WhiteElo "2155"]
[BlackElo "2493"]
[PlyCount "62"]
[EventDate "2001.05.24"]
[EventType "swiss"]
[EventRounds "7"]
[EventCountry "GER"]
[SourceTitle "CBM 082 Extra"]
[Source "ChessBase"]
[SourceDate "2001.07.03"]
[SourceVersion "1"]
[SourceVersionDate "2001.07.03"]
[SourceQuality "1"]

1. d4 Nf6 2. Bg5 e6 3. e4 h6 4. Bxf6 Qxf6 5. Nc3 d6 6. Qd2 c6 7. f4 e5 8. dxe5 dxe5 9. fxe5 Qxe5 10. Rd1 Qg5 11. Nf3 Qxd2+ 12. Rxd2 Be6 13. Nd4 Bb4 14. Nxe6 fxe6 15. Bc4 Ke7 16. 0-0 Nd7 17. Rfd1 Ne5 18. Be2 Rhf8 19. a3 Bc5+ 20. Kh1 Be3 21. Rd6 Rf2 22. h3 Raf8 23. b4 b5 24. Kh2 g6 25. Kh1 a6 26. Kh2 h5 27. Kh1 g5 28. a4 g4 29. Kh2 g3+ 30. Kh1 h4 31. a5 Rxg2 0-1